00434 a2200133 4500001001000000005001700010008004100027245006900068100003100137700002000168700002100188773007400209999001700283ART_4843720260410162024.0260409a 10aPatrones de corresidencia con familiares en el Brasil, 1960-20101 ade Araújo Cunha, Mariana1 aWajnman, Simone1 aTurra, Cassio M.0 tNotas de poblacióng- Año XLV, Nº 107 (jul./dic. 2018)wREV41841 c33388d33388